Cleveland Hopkins Int. Airport Destinations (Cleveland, OH, USA) - Statistics

General Stats
  • This quiz has been taken 187 times
    86 since last reset
  • The average score is 34 of 40
Answer Stats
Airline Destination % Correct
Delta Connection/Frontier Airlines/JetBlue Boston
98%
American Airlines/Frontier Airlines Dallas/Fort Worth
98%
United Airlines/United Express Houston (Intercontinental)
98%
American Airlines/American Eagle/Frontier Airlines Miami
98%
American Eagle/Delta Connection New York (JFK)
98%
American Eagle/Delta Connection/Frontier Airlines New York (LaGuardia)
98%
Alaska Airlines Seattle/Tacoma
98%
Frontier Airlines/Southwest Airlines/Spirit Airlines/United Airlines Orlando
96%
United Airlines/United Express Washington (Dulles)
96%
American Eagle Washington (National)
96%
Delta Air Lines/Frontier Airlines Atlanta
95%
Southwest Airlines Chicago (Midway)
95%
American Airlines/American Eagle/United Airlines/United Express Chicago (O'Hare)
95%
United Airlines Los Angeles
95%
United Airlines San Francisco
95%
Frontier Airlines/Southwest Airlines/United Airlines Denver
93%
Delta Connection Detroit
93%
Southwest Airlines Baltimore
91%
American Airlines/Frontier Airlines Charlotte
91%
Delta Air Lines/Delta Connection/Sun Country Airlines Minneapolis/St. Paul
89%
American Airlines/American Eagle/Frontier Airlines Philadelphia
87%
Frontier Airlines/Southwest Airlines/United Airlines Tampa
87%
Aer Lingus Dublin
85%
Frontier Airlines/Southwest Airlines Las Vegas
85%
American Airlines/Frontier Airlines/Southwest Airlines Phoenix (Sky Harbor)
85%
Air Canada/Air Canada Express Toronto (Pearson)
85%
Frontier Airlines Austin
82%
Delta Air Lines/Frontier Airlines Salt Lake City
82%
Frontier Airlines/United Airlines Cancún
80%
United Airlines/United Express Newark
80%
Southwest Airlines St. Louis
78%
Frontier Airlines/Spirit Airlines/United Airlines Fort Lauderdale
76%
Frontier Airlines/Southwest Airlines/Spirit Airlines Nashville
76%
Frontier Airlines Raleigh/Durham
75%
Frontier Airlines/Southwest Airlines/United Airlines Fort Myers
73%
Frontier Airines Punta Cana
55%
Frontier Airlines/Southwest Airlines Sarasota
55%
Frontier Airlines San Juan
51%
Frontier Airlines West Palm Beach
51%
Spirit Airlines Myrtle Beach
49%
No matching quizzes found
Score Distribution
Percent of People with Each Score
Percentile by Number Answered
Your Score History
You have not taken this quiz since the last reset